[Event "Hokkaido Chess Championship 2025"]
[Site ""]
[Date "2025.03.22"]
[Round "1"]
[Board "1"]
[White "Nakamura, Mitsuru"]
[Black "Dryglas, Maciej"]
[Result "0-1"]
[WhiteElo "1603"]
[BlackElo "2135"]
[PlyCount "92"]
[EventDate "2025.03.22"]
[EventRounds "5"]
[EventCountry "JPN"]

{[%evp 0,49,15,23,18,15,18,-7,31,-11,-27,-34,21,-46,-49,-43,-27,-50,-20,-41,
-38,-171,-136,-362,-294,-285,-282,-143,-348,-332,-330,-430,-370,-250,-413,-383,
-317,-359,-318,-358,-310,-346,-187,-374,-325,-263,-359,-394,-428,-394,-373,
-385]} 1. d4 d5 2. Nf3 c5 3. Bf4 cxd4 4. Nxd4 f6 5. Nf3 e5 6. Bg3 Nc6 7. e3 Qb6
8. b3 Bf5 9. Be2 Nb4 10. e4 Bxe4 11. Bd3 Bxd3 12. cxd3 Rc8 13. Na3 Qa5 14. O-O
Qxa3 15. Nxe5 Ne7 16. Nf3 Nf5 17. Qe2+ Kf7 18. Rae1 Qa6 19. Nh4 Nxh4 20. Bxh4
Bc5 21. Qh5+ g6 22. Qf3 Rhd8 23. Bg5 Nxd3 24. Re2 Rc6 25. Rd1 Nb4 26. Rde1 Qd3
27. Bd2 Qxf3 28. gxf3 Nd3 29. Rd1 Re6 30. Rxe6 Kxe6 31. Ba5 b6 32. Bxb6 axb6
33. Rxd3 Ra8 34. a4 Ke5 35. Rd1 d4 36. Kf1 Kd5 37. f4 Re8 38. Kg2 Bb4 39. Rd3
Ke4 40. Rf3 Bd2 41. Rh3 h5 42. Rg3 g5 43. fxg5 fxg5 44. Rh3 h4 45. Rf3 Bf4 46.
b4 d3  0-1

[Event "Hokkaido Chess Championship 2025"]
[Site ""]
[Date "2025.03.22"]
[Round "1"]
[Board "2"]
[White "Sugimoto, Koichi"]
[Black "Furuse, Mizuki"]
[Result "1-0"]
[WhiteElo "1908"]
[BlackElo "1588"]
[PlyCount "105"]
[EventDate "2025.03.22"]
[EventRounds "5"]
[EventCountry "JPN"]

1. d4 Nf6 2. Nc3 g6 3. Bf4 Bg7 4. e4 d6 5. Qd2 O-O 6. O-O-O a6 7. Nf3 b5 8. Qe1
Bb7 9. e5 Nd5 10. Bd2 Nxc3 11. Bxc3 Bd5 12. Kb1 Nc6 13. Bd3 Rb8 14. Be4 Bxe4
15. Qxe4 d5 16. Qe2 a5 17. e6 f6 18. Bd2 Rb6 19. h4 h5 20. Qd3 Qe8 21. Bf4 Nb4
22. Qe2 Qc8 23. Rhe1 Rb7 24. c3 Nc6 25. Qd3 Qe8 26. Nh2 f5 27. Nf3 Kh7 28. Ng5+
Kg8 29. Qg3 Qc8 30. Nf7 Rxf7 31. exf7+ Kxf7 32. Qe3 Qd7 33. f3 Bf6 34. Bg5 Rb8
35. Bxf6 exf6 36. Qh6 Rg8 37. Rg1 Qd8 38. Qf4 Qd7 39. g4 hxg4 40. fxg4 Ne7 41.
g5 fxg5 42. hxg5 Nc6 43. Rh1 Rg7 44. Rde1 Qd8 45. Qe3 Ne7 46. Qe6+ Kf8 47. Rh8+
Ng8 48. Qc6 Kf7 49. Qxb5 f4 50. Qc6 f3 51. Qe6+ Kf8 52. Rf1 Re7 53. Rxg8#  1-0

[Event "Hokkaido Chess Championship 2025"]
[Site ""]
[Date "2025.03.22"]
[Round "1"]
[Board "3"]
[White "Shishido, Kenta"]
[Black "Honda, Yoshiki"]
[Result "0-1"]
[WhiteElo "1431"]
[BlackElo "1828"]
[PlyCount "68"]
[EventDate "2025.03.22"]
[EventRounds "5"]
[EventCountry "JPN"]

1. e4 c5 2. a3 Nc6 3. b4 d6 4. bxc5 dxc5 5. Nf3 e5 6. Bb5 Bg4 7. Bxc6+ bxc6 8.
h3 Bh5 9. c4 Qd3 10. Qe2 Qxe2+ 11. Kxe2 f5 12. d3 fxe4 13. dxe4 Bd6 14. g4 Bg6
15. Nbd2 Nf6 16. Ke3 Rb8 17. Nh4 Bxe4 18. Nxe4 Rb3+ 19. Ke2 Nxe4 20. Bd2 O-O
21. Rh2 Rb2 22. Nf3 Rxf3 23. Kxf3 Nxd2+ 24. Ke3 Nxc4+ 25. Kd3 e4+ 26. Kxc4 Bxh2
27. Kxc5 Rxf2 28. Kxc6 e3 29. Kb7 e2 30. Re1 Bf4 31. Kxa7 Bd2 32. Rb1 e1=Q 33.
Rb8+ Rf8 34. Rxf8+ Kxf8  0-1

[Event "Hokkaido Chess Championship 2025"]
[Site ""]
[Date "2025.03.22"]
[Round "1"]
[Board "4"]
[White "Etabag, John Vincent"]
[Black "Ito, Katsuhide"]
[Result "1-0"]
[WhiteElo "1821"]
[BlackElo "1389"]
[PlyCount "69"]
[EventDate "2025.03.22"]
[EventRounds "5"]
[EventCountry "JPN"]

1. e4 c5 2. Nc3 Nc6 3. f4 g6 4. Nf3 Bg7 5. a3 a6 6. Bc4 e6 7. d3 b5 8. Ba2 Nd4
9. O-O Nxf3+ 10. Qxf3 Bb7 11. f5 exf5 12. Qg3 Ne7 13. Bg5 O-O 14. exf5 Nxf5 15.
Rxf5 Qb6 16. Rff1 d5 17. Nxd5 Bxd5 18. Bxd5 Ra7 19. c3 Kh8 20. Rae1 f6 21. Bf4
Rd7 22. Be6 c4+ 23. d4 Re7 24. Bd6 Ree8 25. Bxf8 Rxe6 26. Bxg7+ Kxg7 27. Rxe6
Qxe6 28. Re1 Qd7 29. Qe3 Kf7 30. Qe4 Qd8 31. Qe6+ Kf8 32. d5 Qc7 33. Qxf6+ Qf7
34. Qxf7+ Kxf7 35. d6  1-0

[Event "Hokkaido Chess Championship 2025"]
[Site ""]
[Date "2025.03.22"]
[Round "1"]
[Board "5"]
[White "Yajima, Machiko"]
[Black "Yoshii, Yukihiko"]
[Result "0-1"]
[WhiteElo "1367"]
[BlackElo "1771"]
[PlyCount "90"]
[EventDate "2025.03.22"]
[EventRounds "5"]
[EventCountry "JPN"]

1. e3 e5 2. d4 exd4 3. exd4 d5 4. Nf3 Bf5 5. c4 Nf6 6. Nc3 c6 7. Be2 Be7 8. O-O
O-O 9. a3 Nbd7 10. Qe1 Re8 11. c5 Qc7 12. g3 Bh3 13. Bf4 Qd8 14. Ng5 Bxf1 15.
Qxf1 h6 16. Nf3 Ne4 17. Qc1 Ndf6 18. Ne5 Nxc3 19. bxc3 Ne4 20. Bh5 Rf8 21. Bxh6
gxh6 22. Qf4 Bg5 23. Bxf7+ Kg7 24. Qf5 Qf6 25. Qxf6+ Bxf6 26. f4 Bxe5 27. Bh5
Bc7 28. Rc1 Nf6 29. Bf3 Rae8 30. Kf2 Re7 31. Rc2 Rfe8 32. h3 Ba5 33. c4 Be1+
34. Kg2 Re3 35. a4 Ne4 36. Bxe4 R8xe4 37. Kf1 Bxg3 38. Kg2 Bxf4 39. Kf2 Rxd4
40. cxd5 Rxd5 41. Rc4 Rd2+ 42. Kf1 Bg3 43. Rg4+ Kf6 44. Rxg3 Rxg3 45. Ke1 Ra2
 0-1

[Event "Hokkaido Chess Championship 2025"]
[Site ""]
[Date "2025.03.22"]
[Round "1"]
[Board "6"]
[White "kuramoto, koutarou"]
[Black "Ono, Yukiko"]
[Result "1-0"]
[WhiteElo "1757"]
[BlackElo "1000"]
[PlyCount "65"]
[EventDate "2025.03.22"]
[EventRounds "5"]
[EventCountry "JPN"]

1. d4 d5 2. Nf3 Nf6 3. g3 Nc6 4. Bg2 e6 5. O-O Bd6 6. c4 O-O 7. Qc2 Ne4 8. Nc3
f5 9. a3 e5 10. cxd5 Nxd4 11. Nxd4 exd4 12. Nxe4 fxe4 13. Qxe4 c5 14. dxc6 Qb6
15. Qd5+ Rf7 16. Qxd6 bxc6 17. Qxc6 Qxc6 18. Bxc6 Rb8 19. Bd5 Bh3 20. Bxf7+
Kxf7 21. Rd1 Rd8 22. b4 Bd7 23. Bb2 Rc8 24. Rxd4 Ba4 25. Rc1 Re8 26. e3 h5 27.
Rc7+ Ke6 28. Re4+ Kd6 29. Rxe8 Kxc7 30. Re7+ Bd7 31. Rxg7 Kd8 32. Rxd7+ Kxd7
33. f4 {(Time)}  1-0

[Event "Hokkaido Chess Championship 2025"]
[Site ""]
[Date "2025.03.22"]
[Round "2"]
[Board "1"]
[White "Dryglas, Maciej"]
[Black "kuramoto, koutarou"]
[Result "1-0"]
[WhiteElo "2135"]
[BlackElo "1757"]
[PlyCount "65"]
[EventDate "2025.03.22"]
[EventRounds "5"]
[EventCountry "JPN"]

{[%evp 0,40,17,0,28,18,18,27,30,79,20,21,-16,32,102,80,101,101,101,114,119,106,
113,103,120,120,176,143,343,413,368,338,497,523,561,428,540,618,607,635,560,
637,715]} 1. Nc3 g6 2. h4 d5 3. h5 e5 4. d4 e4 5. hxg6 fxg6 6. Bf4 Bd6 7. Nxd5
Be6 8. Bxd6 Qxd6 9. Nc3 Nf6 10. Qd2 Nc6 11. O-O-O Nb4 12. a3 a5 13. Qg5 Nfd5
14. Nxe4 Qc6 15. Nc5 b6 16. Qe5 Ke7 17. Qxe6+ Qxe6 18. Nxe6 Kxe6 19. e4 Na2+
20. Kd2 Nf4 21. g3 Nh5 22. Bc4+ Kd6 23. Bxa2 Rhf8 24. Ke3 Nf6 25. e5+ Ke7 26.
exf6+ Kxf6 27. Nf3 Rae8+ 28. Ne5 Re7 29. f4 c5 30. d5 Rfe8 31. d6 Rxe5+ 32.
fxe5+ Rxe5+ 33. Kf3  1-0

[Event "Hokkaido Chess Championship 2025"]
[Site ""]
[Date "2025.03.22"]
[Round "2"]
[Board "2"]
[White "Kawamura, Takuto"]
[Black "Sugimoto, Koichi"]
[Result "1-0"]
[WhiteElo "1745"]
[BlackElo "1908"]
[PlyCount "59"]
[EventDate "2025.03.22"]
[EventRounds "5"]
[EventCountry "JPN"]

1. d4 d5 2. c4 c6 3. Nf3 Nf6 4. Qc2 g6 5. g3 Bg7 6. Bg2 O-O 7. O-O Bf5 8. Qb3
Qc8 9. Nc3 dxc4 10. Qxc4 Nbd7 11. Nh4 Be6 12. Qd3 Nb6 13. Rd1 Rd8 14. b3 a5 15.
Ba3 Qc7 16. e4 Ng4 17. Bc5 Nc8 18. Ne2 b6 19. Ba3 a4 20. Qc2 axb3 21. axb3 Na7
22. Bb2 Nb5 23. Rxa8 Rxa8 24. Ra1 Rxa1+ 25. Bxa1 Qa7 26. Bb2 Qa2 27. Nc1 Qa8
28. e5 Bd5 29. Bxd5 cxd5 30. Qe2  1-0

[Event "Hokkaido Chess Championship 2025"]
[Site ""]
[Date "2025.03.22"]
[Round "2"]
[Board "3"]
[White "Honda, Yoshiki"]
[Black "Aoki, Yasuhiro"]
[Result "1/2-1/2"]
[WhiteElo "1828"]
[BlackElo "1731"]
[PlyCount "54"]
[EventDate "2025.03.22"]
[EventRounds "5"]
[EventCountry "JPN"]

{[%evp 0,54,24,33,86,2,2,-1,16,22,21,13,17,23,34,41,25,-32,-29,-27,-18,-58,-27,
-45,-50,-64,-35,-47,-3,-62,-15,-99,-100,-120,-124,-127,-49,-59,-78,-100,-47,
-54,-59,-63,-59,-62,-49,-33,0,0,0,0,0,0,0,0,0]} 1. e4 d6 2. c4 Nf6 3. Nc3 c5 4.
Nf3 Nc6 5. d4 cxd4 6. Nxd4 e6 7. Nxc6 bxc6 8. e5 dxe5 9. Qxd8+ Kxd8 10. Bg5 Be7
11. O-O-O+ Kc7 12. f3 h6 13. Bh4 Bc5 14. Kc2 a5 15. Bxf6 gxf6 16. Ne4 Be7 17.
c5 Ba6 18. Nd6 Bxd6 19. Rxd6 Rhd8 20. Bxa6 Rxa6 21. Rxd8 Kxd8 22. Re1 Kc7 23.
Re4 Ra8 24. Rh4 Rh8 25. Ra4 Ra8 26. Rh4 Rh8 27. Ra4 Ra8  1/2-1/2

[Event "Hokkaido Chess Championship 2025"]
[Site ""]
[Date "2025.03.22"]
[Round "2"]
[Board "4"]
[White "Miyatani, Ryouhei"]
[Black "Etabag, John Vincent"]
[Result "0-1"]
[WhiteElo "1672"]
[BlackElo "1821"]
[PlyCount "88"]
[EventDate "2025.03.22"]
[EventRounds "5"]
[EventCountry "JPN"]

1. e4 c5 2. Nf3 e6 3. d4 cxd4 4. Nxd4 Nc6 5. Nc3 Qc7 6. g3 a6 7. Bg2 Nf6 8. O-O
Be7 9. Re1 Nxd4 10. Qxd4 d6 11. Be3 O-O 12. Na4 Nd7 13. Qc3 Qxc3 14. Nxc3 b5
15. Red1 Bb7 16. Ne2 Rac8 17. c3 Nf6 18. e5 Nd5 19. exd6 Bxd6 20. Nf4 Bxf4 21.
Bxf4 Ba8 22. Be3 Nxe3 23. fxe3 Bxg2 24. Kxg2 Rfd8 25. Kf3 Kf8 26. Rac1 Ke7 27.
h4 h5 28. a3 f6 29. Kf4 g6 30. Kf3 e5 31. Rxd8 Rxd8 32. Rc2 Ke6 33. c4 bxc4 34.
Rxc4 Kd5 35. Rc7 Rb8 36. b4 Rb6 37. Rc5+ Kd6 38. g4 hxg4+ 39. Kxg4 Ke6 40. h5
gxh5+ 41. Kxh5 Kf5 42. Rc4 Ke6 43. Kg4 Kd5 44. Kf5 Kxc4  0-1

[Event "Hokkaido Chess Championship 2025"]
[Site ""]
[Date "2025.03.22"]
[Round "2"]
[Board "5"]
[White "Yoshii, Yukihiko"]
[Black "Takeuchi, Hiroshi"]
[Result "1-0"]
[WhiteElo "1771"]
[BlackElo "1629"]
[PlyCount "81"]
[EventDate "2025.03.22"]
[EventRounds "5"]
[EventCountry "JPN"]

1. c4 Nf6 2. Nc3 e6 3. d4 d5 4. cxd5 exd5 5. Bg5 Be7 6. Nf3 Nc6 7. e3 h6 8. Bh4
g5 9. Bg3 Bd6 10. Bb5 Bxg3 11. Bxc6+ bxc6 12. hxg3 Bg4 13. Qc2 Bxf3 14. gxf3
Qd7 15. Na4 Kf8 16. Nc5 Qe7 17. Qf5 Kg7 18. Ke2 Rae8 19. Rh2 g4 20. fxg4 Ne4
21. Nxe4 Qxe4 22. Qxe4 Rxe4 23. f3 Re6 24. Kd3 Rhe8 25. Re1 Kg6 26. Rh5 Rb8 27.
b3 a5 28. e4 a4 29. Rb1 dxe4+ 30. fxe4 axb3 31. Rxb3 Rxb3+ 32. axb3 Re8 33. Rc5
Re6 34. b4 Rf6 35. Rf5 Rxf5 36. gxf5+ Kg5 37. Ke3 Kg4 38. Kf2 h5 39. f6 Kg5 40.
e5 Kg4 41. e6  1-0

[Event "Hokkaido Chess Championship 2025"]
[Site ""]
[Date "2025.03.22"]
[Round "2"]
[Board "6"]
[White "Ono, Yukiko"]
[Black "Nakamura, Mitsuru"]
[Result "0-1"]
[WhiteElo "1000"]
[BlackElo "1603"]
[PlyCount "54"]
[EventDate "2025.03.22"]
[EventRounds "5"]
[EventCountry "JPN"]

1. d4 d5 2. Bf4 Bf5 3. Nf3 Nf6 4. e3 e6 5. Nbd2 Bd6 6. c3 Bxf4 7. exf4 O-O 8.
Qe2 h6 9. h3 c6 10. Ne5 Nbd7 11. Nxd7 Qxd7 12. f3 Qc7 13. g3 Qb6 14. O-O-O Rac8
15. g4 Bh7 16. Bg2 c5 17. f5 exf5 18. gxf5 Bxf5 19. Nb3 Rfe8 20. Qd2 c4 21. Nc5
Qc6 22. Rde1 b6 23. Na6 Bd3 24. Rxe8+ Rxe8 25. Re1 Rxe1+ 26. Qxe1 Qa4 27. Qe8+
Nxe8  0-1

[Event "Hokkaido Chess Championship 2025"]
[Site ""]
[Date "2025.03.22"]
[Round "2"]
[Board "7"]
[White "Furuse, Mizuki"]
[Black "Yajima, Machiko"]
[Result "1-0"]
[WhiteElo "1588"]
[BlackElo "1367"]
[PlyCount "73"]
[EventDate "2025.03.22"]
[EventRounds "5"]
[EventCountry "JPN"]

1. Nf3 g6 2. g3 Bg7 3. Bg2 Nf6 4. O-O O-O 5. c4 d6 6. d3 h6 7. Nc3 c6 8. Rb1
Be6 9. b4 Nfd7 10. Bd2 b6 11. b5 Qc7 12. bxc6 Nxc6 13. Nb5 Qd8 14. Bc3 f6 15.
Nfd4 Nde5 16. Nxe6 Qd7 17. Nxf8 Rxf8 18. Nd4 Nxd4 19. Bxd4 Nf7 20. Qb3 e5 21.
Be3 g5 22. Qb5 Rd8 23. Qxd7 Rxd7 24. a4 a5 25. Rxb6 Kh7 26. Be4+ Kg8 27. Bf5
Re7 28. Rb8+ Bf8 29. c5 d5 30. Bg6 d4 31. Bxf7+ Kxf7 32. Bd2 Rc7 33. Bxa5 Rxc5
34. Rxf8+ Kxf8 35. Bb4 Ke8 36. Bxc5 Kd7 37. a5  1-0

[Event "Hokkaido Chess Championship 2025"]
[Site ""]
[Date "2025.03.22"]
[Round "3"]
[Board "1"]
[White "Yoshii, Yukihiko"]
[Black "Dryglas, Maciej"]
[Result "0-1"]
[WhiteElo "1771"]
[BlackElo "2135"]
[PlyCount "38"]
[EventDate "2025.03.22"]
[EventRounds "5"]
[EventCountry "JPN"]

{[%evp 0,38,12,-10,20,68,39,15,23,-39,13,7,32,35,38,12,0,2,1,1,-24,-24,20,-21,
-5,-227,-270,-280,-294,-477,-499,-478,-547,-926,-865,-1385,-1345,-1448,-1471,
-1724,-1742]} 1. c4 d5 2. cxd5 Nf6 3. Nc3 Nxd5 4. e4 Nxc3 5. bxc3 e5 6. Nf3 Bd6
7. h3 O-O 8. Bc4 Nc6 9. d4 exd4 10. cxd4 Bb4+ 11. Bd2 Qe7 12. e5 Nxd4 13. Nxd4
Qxe5+ 14. Qe2 Bxd2+ 15. Kxd2 Qxd4+ 16. Bd3 Qb2+ 17. Bc2 Rd8+ 18. Ke3 Re8+ 19.
Be4 Rxe4+  0-1

[Event "Hokkaido Chess Championship 2025"]
[Site ""]
[Date "2025.03.22"]
[Round "3"]
[Board "2"]
[White "Etabag, John Vincent"]
[Black "Kawamura, Takuto"]
[Result "1/2-1/2"]
[WhiteElo "1821"]
[BlackElo "1745"]
[PlyCount "75"]
[EventDate "2025.03.22"]
[EventRounds "5"]
[EventCountry "JPN"]

1. e4 c5 2. Nc3 e6 3. f4 Nc6 4. Nf3 Qc7 5. Bb5 d6 6. O-O Bd7 7. Bxc6 Bxc6 8. a4
Nf6 9. d3 Be7 10. Qe1 h5 11. Nb5 Bxb5 12. axb5 c4 13. Be3 a6 14. b6 Qc8 15. h3
Nd7 16. Bd4 e5 17. fxe5 dxe5 18. Nxe5 Nxe5 19. Bxe5 Qc5+ 20. d4 Qxb6 21. c3 Bd6
22. Bxd6 Qxd6 23. Qe2 Rc8 24. Rf5 g6 25. Rf3 O-O 26. Raf1 Qe7 27. e5 f5 28. Qe3
Kh7 29. Re1 Rcd8 30. Qe2 Qe6 31. Ra1 Rf7 32. Kh1 Rd5 33. Ra4 b5 34. Ra2 Rc7 35.
Rf1 Rd8 36. Qe3 Ra7 37. Qf3 Rda8 38. Re1  1/2-1/2

[Event "Hokkaido Chess Championship 2025"]
[Site ""]
[Date "2025.03.22"]
[Round "3"]
[Board "3"]
[White "Sugimoto, Koichi"]
[Black "Honda, Yoshiki"]
[Result "1/2-1/2"]
[WhiteElo "1908"]
[BlackElo "1828"]
[PlyCount "151"]
[EventDate "2025.03.22"]
[EventRounds "5"]
[EventCountry "JPN"]

1. d4 Nf6 2. Nc3 d5 3. Bf4 a6 4. e3 e6 5. g4 Bd6 6. g5 Ne4 7. Nxe4 dxe4 8. Bg2
Bxf4 9. exf4 Nc6 10. c3 f5 11. gxf6 Qxf6 12. Ne2 Bd7 13. Qc2 O-O-O 14. Bxe4 Ne7
15. O-O-O Bc6 16. Bxc6 Nxc6 17. Qe4 Ne7 18. Rhg1 g6 19. Rg5 Nf5 20. Rgg1 Rhf8
21. Rd3 Rd5 22. Kb1 Nd6 23. Qe3 Nc4 24. Qh3 Qf5 25. Kc2 Ra5 26. Qxf5 Rfxf5 27.
Kb1 Rab5 28. b3 Rh5 29. h3 Nd6 30. Re3 Kd7 31. Kc2 Nf5 32. Rd3 Rd5 33. Rg5 Ne7
34. Rdg3 Rdxg5 35. fxg5 Nf5 36. Rf3 Rxg5 37. Ng3 h5 38. Ne4 Rg2 39. Nc5+ Ke7
40. Nxb7 g5 41. Nc5 g4 42. hxg4 hxg4 43. Rf4 g3 44. Ne4 Ne3+ 45. Kd3 Nd5 46.
Rf3 gxf2 47. Rxf2 Rg1 48. Nc5 Rg3+ 49. Kd2 Nxc3 50. a4 a5 51. Rh2 Kd6 52. Rh6
Nb1+ 53. Kc2 Na3+ 54. Kb2 Kd5 55. Nxe6 Nc4+ 56. bxc4+ Kxc4 57. Rh5 Rg2+ 58. Kc1
Kb4 59. Nc5 Kc3 60. Rh3+ Kxd4 61. Ne6+ Kc4 62. Nxc7 Kb4 63. Rh4+ Kb3 64. Nb5
Ra2 65. Rh3+ Kb4 66. Nc3 Rg2 67. Kb1 Rf2 68. Nd1 Rg2 69. Rh4+ Kb3 70. Rd4 Rh2
71. Kc1 Rc2+ 72. Kb1 Rh2 73. Rf4 Rg2 74. Ne3 Re2 75. Nd1 Rg2 76. Kc1 {(=)}
 1/2-1/2

[Event "Hokkaido Chess Championship 2025"]
[Site ""]
[Date "2025.03.22"]
[Round "3"]
[Board "4"]
[White "Aoki, Yasuhiro"]
[Black "kuramoto, koutarou"]
[Result "0-1"]
[WhiteElo "1731"]
[BlackElo "1757"]
[PlyCount "48"]
[EventDate "2025.03.22"]
[EventRounds "5"]
[EventCountry "JPN"]

{[%evp 0,48,15,-17,-11,-9,31,25,12,1,13,3,-6,10,18,10,29,-3,59,38,70,59,43,35,
56,67,72,65,403,-160,65,-20,104,110,104,54,31,17,11,4,5,5,5,-26,-31,-82,-46,
-77,-57,-221,-56]} 1. c4 Nf6 2. Nf3 g6 3. g3 Bg7 4. Bg2 O-O 5. O-O d5 6. cxd5
Nxd5 7. Nc3 c5 8. Qb3 Nxc3 9. dxc3 Nc6 10. Be3 b6 11. Rad1 Qc7 12. Bf4 e5 13.
Nxe5 Be6 14. Qb5 Bxe5 15. Qxc6 Qxc6 16. Bxc6 Rac8 17. Bxe5 Rxc6 18. a3 Re8 19.
Rd6 Rxd6 20. Bxd6 Bc4 21. Bf4 Rxe2 22. Bc1 a6 23. Kg2 h5 24. Kf3 Rxb2  0-1

[Event "Hokkaido Chess Championship 2025"]
[Site ""]
[Date "2025.03.22"]
[Round "3"]
[Board "6"]
[White "Takeuchi, Hiroshi"]
[Black "Furuse, Mizuki"]
[Result "1/2-1/2"]
[WhiteElo "1629"]
[BlackElo "1588"]
[PlyCount "149"]
[EventDate "2025.03.22"]
[EventRounds "5"]
[EventCountry "JPN"]

1. d4 Nf6 2. Nf3 g6 3. Bf4 Bg7 4. e3 O-O 5. Be2 c5 6. Nc3 cxd4 7. exd4 d6 8. h4
Nc6 9. Qd2 h5 10. O-O-O Bf5 11. a3 Qa5 12. Bh6 Bxh6 13. Qxh6 Ng4 14. Qf4 Nxf2
15. Nd2 Nxd1 16. Bxd1 e5 17. dxe5 Qxe5 18. Qg5 f6 19. Qh6 Rf7 20. Nf3 Qa5 21.
Qf4 Rd8 22. Nd2 Qe5 23. Qa4 a6 24. g4 Bxg4 25. Bxg4 hxg4 26. Qxg4 Qh5 27. Qe6
Qe5 28. Qg4 Rg7 29. Qf3 Nd4 30. Qf2 Nb5 31. Qb6 Re8 32. Kb1 Nxc3+ 33. bxc3 Qb5+
34. Qxb5 axb5 35. Kb2 Rge7 36. Nb3 Re1 37. Rh3 R8e3 38. Rh2 Rg1 39. Nd4 Re4 40.
Nxb5 Rd1 41. Rh3 Kf7 42. Nd4 Rg1 43. h5 gxh5 44. Rxh5 Re5 45. Rh7+ Rg7 46. Rh8
f5 47. Rb8 Kg6 48. Rd8 Rd5 49. Kb3 Re7 50. Kc4 Rc5+ 51. Kb4 Rd5 52. Kc4 Ree5
53. Rb8 Rc5+ 54. Kd3 f4 55. Rxb7 Re3+ 56. Kd2 Rcxc3 57. Rd7 Rxa3 58. Rxd6+ Kf7
59. Rd5 Rh3 60. Rf5+ Ke7 61. Rxf4 Rh2+ 62. Kc1 Rc3 63. Kb2 Rhh3 64. Re4+ Kd7
65. Rg4 Rhe3 66. Rg7+ Kc8 67. Rf7 Rc5 68. Rf4 Rd5 69. Nb3 Rb5 70. Rc4+ Kd8 71.
Ka2 Rb8 72. Kb2 Rb7 73. Ka2 Rb8 74. Kb2 Rb7 75. Ka2  1/2-1/2

[Event "Hokkaido Chess Championship 2025"]
[Site ""]
[Date "2025.03.22"]
[Round "3"]
[Board "7"]
[White "Nakamura, Mitsuru"]
[Black "Ito, Katsuhide"]
[Result "1-0"]
[WhiteElo "1603"]
[BlackElo "1389"]
[PlyCount "93"]
[EventDate "2025.03.22"]
[EventRounds "5"]
[EventCountry "JPN"]

1. d4 d5 2. c4 e5 3. dxe5 d4 4. Nf3 Nc6 5. a3 Bg4 6. Nbd2 Nge7 7. b4 Ng6 8. Bb2
Ncxe5 9. Nxe5 Nxe5 10. Qb3 b6 11. Qg3 Bd6 12. Qb3 O-O 13. Bxd4 c5 14. Bb2 a5
15. b5 a4 16. Qc2 Qd7 17. g3 Bf5 18. Qc3 Rfe8 19. Bg2 Nd3+ 20. Kf1 Nxb2 21.
Bxa8 Rxa8 22. Qxb2 Re8 23. Re1 Bh3+ 24. Kg1 Be5 25. Qc2 Qb7 26. f3 Bd4+ 27. e3
Bxe3+ 28. Rxe3 Rxe3 29. Kf2 Qe7 30. Ne4 Rxa3 31. Re1 Qe5 32. Nf6+ gxf6 33. Rxe5
fxe5 34. Qb2 Rb3 35. Qxe5 Be6 36. Qb8+ Kg7 37. Qxb6 Bxc4 38. Qxc5 Rb2+ 39. Ke3
Rb3+ 40. Kf4 Bxb5 41. h4 Be2 42. Qd4+ Kg8 43. Qxa4 Rxf3+ 44. Ke4 Rxg3 45. Qe8+
Kg7 46. Qe5+ Kg6 47. Qxg3+  1-0

[Event "Hokkaido Chess Championship 2025"]
[Site ""]
[Date "2025.03.22"]
[Round "3"]
[Board "8"]
[White "Shishido, Kenta"]
[Black "Ono, Yukiko"]
[Result "1-0"]
[WhiteElo "1431"]
[BlackElo "1000"]
[PlyCount "39"]
[EventDate "2025.03.22"]
[EventRounds "5"]
[EventCountry "JPN"]

1. e4 e5 2. Nf3 Nc6 3. Bb5 Nf6 4. O-O Bc5 5. Re1 O-O 6. c3 d6 7. h3 d5 8. Bxc6
bxc6 9. exd5 cxd5 10. Nxe5 Ne4 11. d4 Be7 12. Nc6 Qd7 13. Nxe7+ Qxe7 14. f3 f5
15. fxe4 fxe4 16. Be3 Ba6 17. Nd2 Qd6 18. Qg4 Rf7 19. b3 h6 20. c4 {(Time)}  1-0

[Event "Hokkaido Chess Championship 2025"]
[Site ""]
[Date "2025.03.23"]
[Round "4"]
[Board "1"]
[White "Dryglas, Maciej"]
[Black "Etabag, John Vincent"]
[Result "1-0"]
[WhiteElo "2135"]
[BlackElo "1821"]
[PlyCount "109"]
[EventDate "2025.03.22"]
[EventRounds "5"]
[EventCountry "JPN"]

{[%evp 0,109,11,35,15,21,7,10,13,5,1,0,3,-2,7,8,11,11,8,-2,15,17,28,12,30,29,
29,22,35,12,-34,20,26,12,54,136,68,71,84,109,91,96,91,105,85,206,99,98,115,165,
115,188,94,126,177,36,214,177,216,369,235,303,285,225,331,232,230,225,235,304,
418,419,432,397,396,378,408,409,341,384,319,392,391,343,403,400,388,388,377,
355,274,408,457,494,381,585,598,514,329,532,578,402,208,410,525,497,502,547,
580,755,761,826]} 1. d4 Nf6 2. Nf3 d5 3. e3 e6 4. Bd3 c5 5. b3 Nc6 6. a3 cxd4
7. exd4 Bd6 8. O-O O-O 9. Re1 h6 10. Bb2 a5 11. Nbd2 b6 12. Ne5 Ne7 13. Ndf3
Ba6 14. c4 a4 15. bxa4 dxc4 16. Nxc4 Bxc4 17. Bxc4 Nfd5 18. Ne5 Rc8 19. Qb3
Bxe5 20. dxe5 Nc6 21. Qg3 Nd4 22. Rac1 Nf5 23. Qf3 Nfe7 24. Bd3 Ng6 25. g3 Qg5
26. Qe4 h5 27. Rcd1 Ndf4 28. Bc1 Nh3+ 29. Kg2 Rxc1 30. Rxc1 Nhf4+ 31. Kh1 Nh3
32. Qg2 Nhf4 33. Qf3 Nh3 34. Bf1 Qg4 35. Qg2 Ng5 36. f4 Nh7 37. Qe2 Qf5 38. Qe4
Qg4 39. Rc3 h4 40. h3 Qf5 41. Qxf5 exf5 42. Kg2 hxg3 43. Kxg3 Ra8 44. Bb5 Nhf8
45. Rec1 Kh7 46. Rc8 Rxc8 47. Rxc8 Ne6 48. Rc4 Ne7 49. Bd7 Nc5 50. Rxc5 bxc5
51. a5 Kg6 52. a6 Nd5 53. a7 Nb6 54. Bc6 c4 55. Kf3  1-0

[Event "Hokkaido Chess Championship 2025"]
[Site ""]
[Date "2025.03.23"]
[Round "4"]
[Board "2"]
[White "Kawamura, Takuto"]
[Black "Yoshii, Yukihiko"]
[Result "1-0"]
[WhiteElo "1745"]
[BlackElo "1771"]
[PlyCount "47"]
[EventDate "2025.03.22"]
[EventRounds "5"]
[EventCountry "JPN"]

1. d4 d5 2. c4 e6 3. Nf3 Nf6 4. g3 Be7 5. Bg2 Nbd7 6. Qc2 c6 7. O-O O-O 8. b3
h6 9. Ba3 Bxa3 10. Nxa3 Qc7 11. Qb2 Ne4 12. Rac1 a6 13. Nc2 Re8 14. Nce1 f6 15.
Nd3 Qd6 16. Rfd1 Nf8 17. e3 Ng6 18. Qc2 Ne7 19. Nf4 Bd7 20. Bh3 Kf7 21. cxd5
exd5 22. Bxd7 Qxd7 23. Nd3 Rab8 24. Nfe5+  1-0

[Event "Hokkaido Chess Championship 2025"]
[Site ""]
[Date "2025.03.23"]
[Round "4"]
[Board "3"]
[White "Honda, Yoshiki"]
[Black "Nakamura, Mitsuru"]
[Result "1-0"]
[WhiteElo "1828"]
[BlackElo "1603"]
[PlyCount "39"]
[EventDate "2025.03.22"]
[EventRounds "5"]
[EventCountry "JPN"]

1. e4 e5 2. Nf3 Nc6 3. d4 exd4 4. Nxd4 Nf6 5. Nc3 Bb4 6. Nxc6 bxc6 7. Bd3 O-O
8. O-O h6 9. e5 Bxc3 10. bxc3 Nd5 11. Qh5 Ne7 12. Re1 Rb8 13. Bxh6 gxh6 14.
Qxh6 Ng6 15. Bxg6 fxg6 16. Qxg6+ Kh8 17. Re3 d5 18. e6 Bxe6 19. Qxe6 Qf6 20.
Qh3+  1-0

[Event "Hokkaido Chess Championship 2025"]
[Site ""]
[Date "2025.03.23"]
[Round "4"]
[Board "4"]
[White "kuramoto, koutarou"]
[Black "Shishido, Kenta"]
[Result "1-0"]
[WhiteElo "1757"]
[BlackElo "1431"]
[PlyCount "63"]
[EventDate "2025.03.22"]
[EventRounds "5"]
[EventCountry "JPN"]

1. d4 Nf6 2. Bf4 e6 3. Nf3 b6 4. e3 Bb7 5. Nbd2 d6 6. Bd3 Nbd7 7. h3 Be7 8. c3
a6 9. O-O c5 10. Qe2 b5 11. e4 c4 12. Bc2 h6 13. e5 dxe5 14. dxe5 Nd5 15. Bh2
O-O 16. Qe4 g6 17. Qg4 h5 18. Qg3 Kg7 19. Nd4 Bg5 20. h4 Bxd2 21. Nxe6+ Kh6 22.
Nxd8 Raxd8 23. e6 Bf4 24. Qf3 fxe6 25. Bxf4+ Rxf4 26. Qe2 e5 27. Rad1 Rxh4 28.
Rxd5 Bxd5 29. Qd2+ g5 30. Qxd5 Rg4 31. Bf5 Rf4 32. Bxd7 {(Time)}  1-0